|
|
|
|
| LEADER |
00946nam a2200253 a 4500 |
| 001 |
26971 |
| 008 |
130513m19661957nyua b 001 0 eng d |
| 010 |
|
|
|a 57010805
|
| 020 |
|
|
|a 0471257095 (v. 2)
|
| 040 |
|
|
|a DLC
|c DLC
|d DLC
|d BD-DhAAL
|
| 082 |
0 |
0 |
|a 519.2
|
| 100 |
1 |
|
|a Feller, William,
|d 1906-1970.
|
| 245 |
1 |
3 |
|a An introduction to probability theory and its applications /ScWilliam Feller.
|
| 250 |
|
|
|a 2d ed.
|
| 260 |
|
|
|a New York :
|b Wiley,
|c c1957 [12th printing 1966].
|
| 300 |
|
|
|a xv, 461 p. :
|b illus. ;
|c 23 cm.
|
| 362 |
0 |
|
|a vol. 2
|
| 490 |
0 |
|
|a A Wiley publication in mathematical statistics
|
| 504 |
|
|
|a Includes index and bibliographies.
|
| 541 |
1 |
|
|e 26971
|
| 650 |
|
0 |
|a Probabilities.
|
| 852 |
1 |
|
|a Ayesha Abed Library
|j General Shelf.
|
| 999 |
|
|
|c 13451
|d 13451
|
| 952 |
|
|
|0 0
|1 0
|2 ddc
|4 0
|6 519_200000000000000_FEL
|7 0
|9 22388
|a BRACUL
|b BRACUL
|c GEN
|d 2013-05-19
|e VC of BRACU
|l 5
|m 22
|o 519.2 FEL
|p 3010026971
|r 2025-02-04
|s 2025-01-28
|t 1
|w 2013-05-19
|y BK
|